La erosión del suelo por el agua : algunas medidas para combatirla en las tierras de cultivo.

Guardado en:
Autor Corporativo: Organización de las Naciones Unidas para la Agricultura y la Alimentación.
Formato: Libro
Idioma:Spanish
Publicado: Roma : FAO, 1967.
Series:FAO: Cuadernos de fomento agropecuario ; nº 81
Etiquetas: Agregar Etiqueta
Sin Etiquetas, Sea el primero en etiquetar este registro!
LEADER 00573nam a22001455a 4500
001 EEA.libagro001749
008 130809s1967####it#a##########000#0#spa#d
005 20200305131301.0
245 1 3 |a La erosión del suelo por el agua :  |b algunas medidas para combatirla en las tierras de cultivo. 
260 |a Roma :  |b FAO,  |c 1967. 
300 |a 207 p. :  |b il. ;  |c 23 cm. 
490 1 |a FAO: Cuadernos de fomento agropecuario ;  |v nº 81 
110 2 |a Organización de las Naciones Unidas para la Agricultura y la Alimentación. 
082 0 4 |a 631.45 
859 |a AR-BbBCA  |b BIB. AGRONOMIA  |h 631.45  |i F218  |p 1968/0178